00789nam a2200241 a 450000100060000000300080000600500170001400800410003103500190007204000350009104100080012608200250013410000280015924500340018725000120022126000690023330000210030250000360032365000250035994200120038499900170039695201340041347987BD-RjUL20211209054433.0160811r19691966enk b 001 0 eng d a(BD-RjUL)48106 aBD-RjULbengcBD-RjULdBD-RjUL aeng 223a320.54bKEN 19691 aKedourie, Elie.914555710aNationalism /cElie Kedourie. a3rd ed. aLondon :bHutchinson University Library,c1966. [reprinted 1969] a151 p. ;c21 cm. a"Further reading" : p. 141-145. 0aNationalism.9145558 2ddccBK c47987d47987 00102ddc40708NFICaRUCLbRUCLcStackd1975-01-17eM. OBIDUL HUQl0o320.54 KEN 1969r2016-08-11 00:00:00tC-2w2016-08-11yBK